|
|
|
|
| LEADER |
00000csc a2200000 a 4500 |
| 001 |
44039e-2 |
| 005 |
20230308205813.0 |
| 008 |
980031|1975 ||||||||r|||||||||||spa|| |
| 020 |
|
|
|a 8422007495
|
| 040 |
|
|
|b spa
|
| 041 |
1 |
|
|a spa
|
| 082 |
0 |
|
|a 030
|
| 245 |
|
|
|a Política: convergencia-división de poderes
|c Klaus von Beyme
|h imp
|n tomo 2
|
| 264 |
|
|
|a Madrid
|b Ediciones Rioduero
|c 1975
|
| 300 |
|
|
|a 154 páginas:
|c 21 cm
|
| 490 |
|
|
|a Marxismo y Democracia: enciclopedia de conceptos básicos
|
| 650 |
1 |
|
|a Convergencia
|9 156536
|
| 650 |
1 |
|
|a Cuba
|9 5133
|
| 650 |
1 |
|
|a Democracia
|9 267
|
| 650 |
1 |
|
|a Desarme
|9 8823
|
| 650 |
1 |
|
|a Dictadura
|9 9093
|
| 650 |
1 |
|
|a Diplomacia
|9 8153
|
| 650 |
1 |
|
|a Division de poderes
|9 94971
|
| 700 |
1 |
|
|a Kernig, C. D.
|e director
|9 286987
|
| 852 |
|
|
|a UC-CDJBV
|c ESTANTERIA CERRADA
|f Compra
|k margarita.gutierrez
|l 1
|m General
|p 19800311
|r 2
|t 44039e-2
|b 0
|d CDRC
|e CDRC
|g 030 ESTANTERIA CERRADA
|z 1980-00-31
|
| 942 |
|
|
|
| 999 |
|
|
|c 112851
|d 112851
|